| Tag |
First Indicator |
Second Indicator |
Subfields |
| LEADER |
00000cam a2200000 4500 |
| 001 |
in00000066393 |
| 005 |
20151008051905.0 |
| 008 |
771209s1914 pau 00110 engm |
| 010 |
|
|
|a 14003587
|
| 035 |
|
|
|a (OCoLC)03476095
|
| 035 |
|
|
|9 AAH0568AM
|
| 040 |
|
|
|a DLC
|c FQG
|d FQG
|d TXA
|d UtOrBLW
|
| 049 |
|
|
|a TXAM
|c [36252]
|
| 050 |
|
0 |
|a HG4521
|b .M4
|
| 092 |
|
|
|a 332.6
|b M47c
|
| 100 |
1 |
|
|a Mead, Edward Sherwood,
|d 1874-1956.
|
| 245 |
1 |
4 |
|a The careful investor /
|c by Edward Sherwood Mead ...
|
| 264 |
|
1 |
|a Philadelphia,
|a London :
|b J. B. Lippincott company,
|c 1914.
|
| 300 |
|
|
|a 289 pages, 1 unnumbered page ;
|c 20 cm.
|
| 336 |
|
|
|a text
|b txt
|2 rdacontent
|
| 337 |
|
|
|a unmediated
|b n
|2 rdamedia
|
| 338 |
|
|
|a volume
|b nc
|2 rdacarrier
|
| 500 |
|
|
|a This book is the outgrowth of a series of magazine articles. cf. Pref.
|
| 650 |
|
0 |
|a Investments.
|
| 999 |
|
|
|a MARS
|
| 999 |
f |
f |
|s 78467714-2317-3a41-8979-3d8cef947804
|i b25dac2b-4d9f-3c05-8368-ecd8f77e04b2
|t 0
|
| 952 |
f |
f |
|p ric
|a Texas A&M University
|b Rellis Campus
|c Joint Library Facility
|d Remote Storage
|t 0
|e HG4521 .M4
|h Library of Congress classification
|i unmediated -- volume
|m A14800735686
|
| 998 |
f |
f |
|a HG4521 .M4
|t 0
|l Remote Storage
|